| 000 | 00595nam a2200145Ia 4500 | ||
|---|---|---|---|
| 008 | 151213s9999 xx 000 0 und d | ||
| 100 | _aসৈয়দ আলী আহসান। | ||
| 245 |
_aফনির্বাচিত : উলিয়াম সেরিথের কবিতা। _cসৈয়দ আলী আহসান। |
||
| 260 |
_aঢাকা _bখোশরোাজ কিতাব মহল। _c1982 |
||
| 300 | _a8814 p. | ||
| 650 | _aBangla | ||
| 650 | _aকবিতা গ্রন্থ। | ||
| 700 | _aসৈয়দ আলী আহসান। | ||
| 999 |
_c4599 _d4599 |
||